Statystyki dla bryska - wszystkie piosenki

Kliknij tutaj aby rozwiązać quiz!

Ogólne statystyki

  • Ten quiz został rozwiązany 91 razy
  • Średni wynik to 13 z 24

Statystyki odpowiedzi

Odpowiedź% Poprawnych
Odbicie
85%
Mam kogoś lepszego
83%
Lato
73%
Na legalu
73%
BFF
69%
Jestem bryska
67%
Ciemność
54%
Guma balonowa
54%
2022Antarktyda
52%
Bajek deszcz
52%
Cukier
52%
Jagodowe oczy
52%
Narkotyk
52%
Uff
52%
Drama
50%
2021Naiwna
50%
Neonowe laczki
50%
ABC
48%
Kręgi w zbożu
48%
Panika
48%
Ciało
46%
Nagłos
46%
Burn This Love
40%
nieRATUJ mnie
40%

Rozkład punktacji

Percentyl według liczby udzielonych odpowiedzi

Procent ludzi z każdym wynikiem

Twoja historia wyników

Nie rozwiązałeś tego quizu